British History by Letter - H - Statistics

General Stats
  • This quiz has been taken 807 times
    672 since last reset
  • The average score is 7 of 14
Answer Stats
Hint Answer % Correct
Fortification that stood at the northernmost frontier of the Roman Empire Hadrian's Wall
95%
Battle that began the Norman conquest of England and the last successful invasion of Britain Battle of Hastings
84%
The transfer of sovereignty of this city to China in 1997 is considered by many to mark the end of the British Empire Hong Kong
82%
Series of wars in Western Europe fought primarily between the French and English royal houses lasting over a century Hundred Years War
78%
English King who defeated the French at the battle of Agincourt Henry V
75%
Royal house that ended with the death of Queen Victoria Hanover
64%
Wife of Henry VIII, beheaded on the grounds of adultery Catherine Howard
55%
Scots word for New Year celebrations, its origins derived from Norse and Gaelic customs Hogmanay
45%
Archaeologist who discovered the tomb of Tutankhamun in 1922 Howard Carter
35%
Stately residence given to Henry VIII by Cardinal Thomas Wolsey Hampton Court Palace
31%
Campaign waged by William the Conqueror to subjugate northern England, deemed by modern scholars as a genocide Harrying of the North
23%
King of Norway defeated by Harold Godwinson at the battle of Stamford Bridge Harald Hardrada
20%
Belfast shipyard that built the RMS Titanic Harland & Wolff
12%
Coalition of Scandinavian warriors that sought to invade and conquer the Kingdoms of England Great Heathen Army
7%
No matching quizzes found
Score Distribution
Percent of People with Each Score
Percentile by Number Answered
Your Score History
You have not taken this quiz since the last reset